00430 2200157 4500001002100000008004100021035002000062245006400082100002000146260004300166020001900209084001400228082000800242650001000250990001200260INLIS000000000003339 ind  a0010-0226000005 aMembongkar Kehebatan Eyeshield 21 ( Komik )cKazuhiro Shigi aShigi, Kazuhiro aYogyakartabGrafindo Literamediac2010 a978-3896-141-3 a741 SHI m a741 aKomik a0754514